LEADER 01689nam a2200349 a 4500 001 000000138970 003 CaOOAMICUS 005 20140625104511.0 008 140625s2002 it u000 u ita r 020 $a88-495-0354-7 040 $aPUL$bita 082 04$a323 245 00$aGlobalizzazione ed ecumene /$ca cura di Daniela Piattelli ; con i contributi di Silvana Barbirotti ... [et al.]. 260 $aNapoli :$bEdizioni scientifiche italiane,$c©2002. 300 $a344 p. ;$c24 cm 490 1 $aPubblicazioni dell'Università degli Studi di Salerno.$aSezione Atti, Convegni, Miscellanee ;$v63 500 $aAtti di un convegno tenuto a Salerno nel 2001. 504 $aBibliografia in nota. 650 4$aGlobalizzazione.$0(OLS)http://pul/subject/38133 650 4$aDiritti umani$xTutela internazionale.$0(OLS)http://pul/subject/20165 650 4$aCooperazione internazionale.$0(OLS)http://pul/subject/14987 700 1 $aPiattelli, Daniela.$0(OLS)http://pul/name/4924 700 1 $aBarbirotti, Silvana.$0(OLS)http://pul/name/89649 830 0$aPubblicazioni dell'Università degli Studi di Salerno.$pSezione Atti, Convegni, Miscellanee ;$v63.$0(OLS)http://pul/title/54494 850 $aPUL 852 $aPUL$W1$xDP2 Diritto e Scienze Sociali 3$y110$m323 PIADA 1$j160437$qDDC 21$B159880$CPULBib$Z2$F159880 $H124292 $82 941 1 $a9 996 $6020$a88-495-0354-7$9(OLS)http://pul/number/155607 996 $6082$a323$9(OLS)http://pul/classification/374 996 $6245$aGlobalizzazione ed ecumene$9(OLS)http://pul/title/175935 996 $6260$aNapoli :$bEdizioni scientifiche italiane$9(OLS)http://pul/publisher/48388 LEADER 01781nam a2200361 a 4500 001 000000173963 003 CaOOAMICUS 005 20201117163753.0 008 201117s2020 it 001 u ita r 020 $a9788828817741* 032 $aLibriCat 040 $aPUL$bita 082 04$a345.45 245 00$aProve :$bmisure cautelari, libri III-IV, artt. 187-325 /$ca cura di Maria Vittoria Ambrosone ... [et al.] ; coordinamento di Pasquale Bronzo e Enrico Gallucci. 260 $aMilano :$bGiuffrè Francis Lefebvre,$c©2020. 300 $aXXXVII, 870 p. ;$c25 cm. 490 1 $aCodice di procedura penale : rassegna di giurisprudenza e di dottrina ;$v2 500 $aIn testa al front.: Giorgio Lattanzi, Ernesto Lupo. 650 4$aProcedura penale$zItalia.$0(OLS)http://pul/subject/12686 700 1 $aLattanzi, Giorgio.$0(OLS)http://pul/name/51063 700 1 $aLupo, Ernesto.$0(OLS)http://pul/name/85343 700 1 $aBronzo, Pasquale.$0(OLS)http://pul/name/85341 700 1 $aGallucci, Enrico.$0(OLS)http://pul/name/85616 700 1 $aAmbrosone, Maria Vittoria.$0(OLS)http://pul/name/111785 830 0$aCodice di procedura penale : rassegna di giurisprudenza e di dottrina (ediz.2020) ;$v2.$0(OLS)http://pul/title/215199 850 $aPUL 852 $aPUL$W1$xSL Diritto e Scienze Sociali 3$y79$m345. 45 LATGI 2.2$j198110$qDDC 21$B202798$CPULBib$Z2$F202798 $H134514 $82 941 1 $a9 996 $6020$a9788828817741*$9(OLS)http://pul/number/167845 996 $6082$a345.45$9(OLS)http://pul/classification/371 996 $6245$aProve :$bmisure cautelari, libri III-IV, artt. 187-325$9(OLS)http://pul/title/215200 996 $6260$aMilano :$bGiuffrè Francis Lefebvre$9(OLS)http://pul/publisher/86917